00275nam a2200121Ia 45000030006000000080041000060400015000471000018000622450035000802600009001155460012001240050017001360STCL150530s9999 xx 000 0 und d aSTCLcSTCL aVarkey Alukai aPre degree mathematics part II c1962 aEnglish20220125170026.0